Normal view
MARC view
Entry Personal Name
001 - CONTROL NUMBER
- control field: 11609
003 - CONTROL NUMBER IDENTIFIER
- control field: BD-RjUL
005 - DATE AND TIME OF LATEST TRANSACTION
- control field: 20240211113742.0
008 - FIXED-LENGTH DATA ELEMENTS
- fixed length control field: 240211|| aca||aabn | a|a d
040 ## - CATALOGING SOURCE
- Original cataloging agency: BD-RjUL
- Transcribing agency: BD-RjUL
100 ## - HEADING--PERSONAL NAME
- Personal name: Maugham, W. Somerset
- Fuller form of name: (William Somerset),
- Dates associated with a name: 1874-1965
670 ## - SOURCE DATA FOUND
- Source citation: Work cat.: (BD-RjUL)83034: Brophy, John 11608, Somerset Maugham /, 1952